200 Years of Johnson v. M'Intosh (JVM): Indigenous Responses to the Religious Foundations of Racism

Saved in:  
Bibliographic Details
Subtitles:Two hundred Years of Johnson v. M'Intosh (JVM)
Authors: Arnold, Philip P. 1957- (Author) ; Bigtree, Sandra ca. 20./21. Jh. (Author) ; Brett, Adam DJ (Author)
Format: Electronic Article
Language:English
Check availability: HBZ Gateway
Interlibrary Loan:Interlibrary Loan for the Fachinformationsdienste (Specialized Information Services in Germany)
Published: 2024
In: Cross currents
Year: 2024, Volume: 74, Issue: 4, Pages: 391-399
Online Access: Volltext (lizenzpflichtig)
Volltext (lizenzpflichtig)

MARC

LEADER 00000naa a22000002c 4500
001 1929502788
003 DE-627
005 20250702080955.0
007 cr uuu---uuuuu
008 250702s2024 xx |||||o 00| ||eng c
024 7 |a 10.1353/cro.2024.a963625  |2 doi 
035 |a (DE-627)1929502788 
035 |a (DE-599)KXP1929502788 
040 |a DE-627  |b ger  |c DE-627  |e rda 
041 |a eng 
084 |a 0  |a 1  |2 ssgn 
100 1 |e VerfasserIn  |0 (DE-588)1057152439  |0 (DE-627)795679491  |0 (DE-576)413707997  |4 aut  |a Arnold, Philip P.  |d 1957- 
109 |a Arnold, Philip P. 1957- 
245 1 0 |a 200 Years of Johnson v. M'Intosh (JVM)  |b Indigenous Responses to the Religious Foundations of Racism 
246 3 3 |a Two hundred Years of Johnson v. M'Intosh (JVM) 
264 1 |c 2024 
336 |a Text  |b txt  |2 rdacontent 
337 |a Computermedien  |b c  |2 rdamedia 
338 |a Online-Ressource  |b cr  |2 rdacarrier 
601 |a Johnson, Bo 
700 1 |e VerfasserIn  |0 (DE-588)1370396902  |0 (DE-627)1929505450  |4 aut  |a Bigtree, Sandra  |d ca. 20./21. Jh. 
700 1 |e VerfasserIn  |0 (DE-588)133985774X  |0 (DE-627)1899401016  |4 aut  |a Brett, Adam DJ 
773 0 8 |i Enthalten in  |t Cross currents  |d Chapel Hill, NC : The University of North Carolina Press, 1950  |g 74(2024), 4, Seite 391-399  |h Online-Ressource  |w (DE-627)357171608  |w (DE-600)2094521-8  |w (DE-576)273873555  |x 1939-3881  |7 nnas 
773 1 8 |g volume:74  |g year:2024  |g number:4  |g pages:391-399 
856 4 0 |u https://doi.org/10.1353/cro.2024.a963625  |x Resolving-System  |z lizenzpflichtig  |3 Volltext  |7 1 
856 4 0 |u https://muse.jhu.edu/pub/12/article/963625  |x Verlag  |z lizenzpflichtig  |3 Volltext  |7 1 
951 |a AR 
ELC |a 1 
ITA |a 1  |t 1 
LOK |0 000 xxxxxcx a22 zn 4500 
LOK |0 001 4741204146 
LOK |0 003 DE-627 
LOK |0 004 1929502788 
LOK |0 005 20250702064942 
LOK |0 008 250702||||||||||||||||ger||||||| 
LOK |0 040   |a DE-Tue135  |c DE-627  |d DE-Tue135 
LOK |0 092   |o n 
LOK |0 852   |a DE-Tue135 
LOK |0 852 1  |9 00 
LOK |0 935   |a ixzs  |a ixzo 
LOK |0 939   |a 02-07-25  |b l01 
ORI |a SA-MARC-ixtheoa001.raw 
REL |a 1 
SUB |a REL